Perceptions on the level of job satisfaction of selected graduates of the Bachelor of Science in Industrial Education of Cavite State University - Rosario S.Y. 2001 - 2002 to 2005 - 2006 / (Record no. 3934)
[ view plain ]
| 000 -LEADER | |
|---|---|
| fixed length control field | 01418nam a22002897a 4500 |
| 003 - CONTROL NUMBER IDENTIFIER | |
| control field | OSt |
| 005 - DATE AND TIME OF LATEST TRANSACTION | |
| control field | 20250319204253.0 |
| 008 - FIXED-LENGTH DATA ELEMENTS--GENERAL INFORMATION | |
| fixed length control field | 250307b ||||| |||| 00| 0 eng d |
| 040 ## - CATALOGING SOURCE | |
| Language of cataloging | English. |
| Transcribing agency | CvSU-CCAT Campus Library. |
| Description conventions | rda. |
| 050 ## - LIBRARY OF CONGRESS CALL NUMBER | |
| Classification number | UM HF 5549.5.J63 |
| Item number | B43 2008 |
| 100 ## - MAIN ENTRY--PERSONAL NAME | |
| Personal name | Blanca, Blessie P., author. |
| 9 (RLIN) | 14800 |
| 245 ## - TITLE STATEMENT | |
| Title | Perceptions on the level of job satisfaction of selected graduates of the Bachelor of Science in Industrial Education of Cavite State University - Rosario S.Y. 2001 - 2002 to 2005 - 2006 / |
| Statement of responsibility, etc. | Blessie P. Blanca, Mary Ann Joy A. Mapendan and Maria Shailini S. Toldoya. |
| 260 ## - PUBLICATION, DISTRIBUTION, ETC. | |
| Place of publication, distribution, etc. | Rosario, Cavite : |
| Name of publisher, distributor, etc. | Cavite State University-CCAT Campus, |
| Date of publication, distribution, etc. | 2008 |
| 300 ## - PHYSICAL DESCRIPTION | |
| Extent | xiii, 44 leaves : |
| Other physical details | illustrations ; |
| Dimensions | 28 cm |
| 500 ## - GENERAL NOTE | |
| General note | Undergraduate Thesis (BSIE) -- Cavite State University-CCAT Campus, 2008. |
| 504 ## - BIBLIOGRAPHY, ETC. NOTE | |
| Bibliography, etc. note | Includes bibliographical references and appendices. |
| 546 ## - LANGUAGE NOTE | |
| Language note | In English text |
| 650 ## - SUBJECT ADDED ENTRY--TOPICAL TERM | |
| Topical term or geographic name entry element | Graduates -- Job satisfaction. |
| 9 (RLIN) | 15228 |
| 650 ## - SUBJECT ADDED ENTRY--TOPICAL TERM | |
| Topical term or geographic name entry element | Job satisfaction. |
| 9 (RLIN) | 6596 |
| 650 ## - SUBJECT ADDED ENTRY--TOPICAL TERM | |
| Topical term or geographic name entry element | Industrial education -- Career outcomes. |
| 9 (RLIN) | 15229 |
| 650 ## - SUBJECT ADDED ENTRY--TOPICAL TERM | |
| Topical term or geographic name entry element | Graduate employment-- Job satisfaction. |
| 9 (RLIN) | 15230 |
| 700 ## - ADDED ENTRY--PERSONAL NAME | |
| Personal name | Mapendan, Mary Ann Joy A., author. |
| 9 (RLIN) | 14801 |
| 700 ## - ADDED ENTRY--PERSONAL NAME | |
| Personal name | Toldoya, Maria Shailini S., author. |
| 9 (RLIN) | 14802 |
| 700 ## - ADDED ENTRY--PERSONAL NAME | |
| Personal name | Berbie, Lucila C., adviser. |
| 9 (RLIN) | 8788 |
| 942 ## - ADDED ENTRY ELEMENTS (KOHA) | |
| Source of classification or shelving scheme | Library of Congress Classification |
| Koha item type | Thesis/Manuscripts/Dissertations |
| Call number prefix | UM |
| Classification part | HF 5549.5.J63 B43 2008 |
| Withdrawn status | Lost status | Source of classification or shelving scheme | Damaged status | Not for loan | Collection code | Home library | Current library | Shelving location | Date acquired | Coded location qualifier | Full call number | Barcode | Date last seen | Copy number | Price effective from | Koha item type |
|---|---|---|---|---|---|---|---|---|---|---|---|---|---|---|---|---|
| Library of Congress Classification | Thesis/Manuscript/Dissertation | Cavite State University - CCAT Campus | Cavite State University - CCAT Campus | TH | 04/17/2008 | UM | UM HF 5549.5.J63 B43 2008 | T0000413 | 10/24/2025 | 1 | 03/07/2025 | Thesis/Manuscripts/Dissertations |
